Kurorte in Hessen - Statistiken

Allgemein
  • Dieses Quiz wurde 173 mal gespielt
  • Das Durchschnittsergebnis liegt bei 10 aus 18
Antwortstatistiken
Stadt/Gemeinde % Korrekt
Bad H{omburg} v. d. Höhe
90%
Bad S{oden} am Taunus
87%
Bad S{oden}-S{almünster}
83%
Bad N{auheim}
79%
Bad O{rb}
78%
Bad V{ilbel}
77%
Bad A{rolsen}
65%
Bad S{ooden}-A{llendorf}
65%
Bad C{amberg}
57%
Bad H{ersfeld}
57%
Bad W{ildungen}
53%
Bad K{önig}
39%
Bad K{arlshafen}
33%
Bad S{chwalbach}
33%
Bad Z{westen}
33%
Bad S{alzschlirf}
26%
Bad E{mstal}
20%
Bad E{ndbach}
19%
Keine übereinstimmenden Quizze gefunden
Verteilung der Resultate
Anzahl Personen mit jedem Resultat
Perzentil nach korrekt beantworteten Fragen
Ihre Resultats-Entwicklung
Sie haben dieses Quiz noch nicht gespielt